Einführung in die Kostenrechnung
Saved in:
| Main Author: | |
|---|---|
| Format: | Book |
| Language: | German |
| Published: |
Wiesbaden
Gabler
1987
|
| Edition: | 3. durchges. Aufl. |
| Subjects: | |
| Tags: |
No Tags, Be the first to tag this record!
|
MARC
| LEADER | 00000nam a2200000 4500 | ||
|---|---|---|---|
| 001 | c000157 | ||
| 005 | 20221219111707.5 | ||
| 020 | |a 3-409-21069-5 | ||
| 041 | 0 | |a ger | |
| 044 | |a DE | ||
| 245 | 1 | 0 | |a Einführung in die Kostenrechnung |c Wolfgang Kilger |
| 250 | |a 3. durchges. Aufl. | ||
| 264 | 1 | |a Wiesbaden |b Gabler |c 1987 | |
| 300 | |a 495 s. | ||
| 610 | 2 | 0 | |a účtovanie nákladov |
| 610 | 2 | 0 | |a podnik |
| 610 | 2 | 0 | |a účtovníctvo finančné |
| 610 | 2 | 0 | |a bilancie |
| 610 | 2 | 0 | |a kalkulácia nákladov |
| 100 | 1 | |a Kilger, Wolfgang | |